The Counter Reformation of Jiří Popel z Lobkovic in Chomutov, 1591

Titel: The Counter Reformation of Jiří Popel z Lobkovic in Chomutov, 1591
Verfasser:
Körperschaft:
In: Porta Bohemica, Band 3 (2005), Seite 28-45
alle Artikel anzeigen
Veröffentlicht: 2005
Format: Aufsatz
Sprache: Englisch
Kein Bild verfügbar
X
alg: 39333003
001A    $01999:12-11-16 
001B    $06050:05-06-24 $t16:37:29.000 
001D    $01999:12-11-16 
001U    $0utf8 
001X    $00 
002@    $0Aox 
003@    $0393330036 
007A    $0393330036 $aHEB 
007T    $0Herdpp098063 
010@    $aeng 
011@    $a2005 
021A    $aThe @Counter Reformation of Jiří Popel z Lobkovic in Chomutov, 1591 
028A    $aBrandon $dMark A. 
029F    $aps-2005-0020063 
031A    $d3 $h28-45 $j2005 
037A    $aRés. čes. s. 45: Protireformace Jiřího Popela z Lobkovic v Chomutově v roce 1591 
039B    $aIn $8--Abvc--. Porta Bohemica. - Litoměřice : [Verlag nicht ermittelbar], 2001- $x200500000030000972 $9110372816 
045T    $aOST $qDE-12 $2FID 

lok: 39333003 78

exp: 39333003 78 1 #EPN
201B/01 $027-06-19 $t23:28:53.000 
201U/01 $0utf8 
203@/01 $0789440423 
208@/01 $a12-11-16 $be 
209A/01 $a/ $f000 $x00 
220C/01 $aHerkunft: Hú Av Čr Praha 
244Z/01 $#Tschechien $#Tschechische Republik $#Tschechische Republik $#Tschechenland $#Tschechei Tschechien $#Česká Republika $#Czech Republic $#ČR $74303381-7 $8--Tg1--Tschechien $x01 $9086659812 
244Z/01 $2Trx $#Böhmen $#Bohemia $#Czechy $8--Trx--Čechy $x02 $9391188941 
244Z/01 $#Commotov $#Komotau $763291-0 $8--Tg1--Chomutov $x03 $9040497879 
244Z/01 $aGeschichte 1591 $x04 
244Z/01 $2Trx $#Lobkowitz, Georg Popel von $#Popel von Lobkowitz, Georg $#Popel z Lobkovic, Jiří $8--Trx--Lobkovic, Jiří Popel z$Z1540-1607 $x05 $9391082272 
244Z/01 $2Trx $#vastureformatsioon $#kontrreformacija $#counter-reformation $#ellenreformáció $#kontrreformacja $#protireformácia $#protireformace $8--Trx--Gegenreformation $x06 $9391381571 
244Z/01 $2Trx $#suhted, religioossed $#santykiai, religiniai $#religious relations $#kapcsolatok, vallásos $#stosunki religijne $#vzťahy, cirkevné $#vztahy náboženské $8--Trx--Beziehungen, religiöse $x07 $9391372971 
244Z/01 $2Trx $#protestandid $#protestantai $#protestants $#protestánsok $#protestanci $#protestanti $#protestanti $#Lutheraner $#luteráni $#evangelíci $8--Trx--Protestanten $x08 $9391381717 
244Z/01 $2Trx $#katoliiklased $#katalikai $#Catholics $#katolikusok $#katolicy $#katolíci $#katolíci $8--Trx--Katholiken $x09 $9391357980 
244Z/01 $2Trx $8--Trx--Zeitschriftenaufsatz $x10 $9391384341 
247C/01 $82080>Marburg/Lahn, Herder-Institut, Forschungsbibliothek, Bibliographieportal $9336309341
LEADER 00000caa a22000002c 4500
001 393330036
003 DE-603
005 20240605163729.0
007 tu
008 161112s2005 xx |||| | u00||u|eng c
035 |a (DE-599)HEB393330036 
040 |a DE-603  |b ger  |c DE-603  |d DE-603 
041 |a eng 
084 |a OST  |q DE-12  |2 fid 
100 1 |a Brandon, Mark A. 
245 0 0 |a ˜Theœ Counter Reformation of Jiří Popel z Lobkovic in Chomutov, 1591 
264 0 |c 2005 
500 |a Rés. čes. s. 45: Protireformace Jiřího Popela z Lobkovic v Chomutově v roce 1591 
710 2 |a ps-2005-0020063 
773 0 8 |i In  |t Porta Bohemica  |d Litoměřice : [Verlag nicht ermittelbar], 2001-  |g Band 3 (2005), Seite 28-45  |w (DE-603)110372816  |w (DE-600)2104026-6 
924 0 |9 2080  |a (DE-603)789440423  |b DE-2080  |c HES  |d d  |g /